Word Ladder: Legend of Zelda Games Quiz Stats

 Plays Quiz Updated Jan 23, 2013

Support Sporcle.
Go Orange.
Score 0/26 Timer 02:00
8 Plays Today
Clue 4-Letter Word % Correct
▲ ____ Swords Adventures ▲
9 minus 5
▲ FOUR ▲
94.1%
▲ A Link to the ____
It precedes the present
▲ PAST ▲
94%
▲ Majora's ____
Halloween face covering
▲ MASK ▲
93.8%
▲ Zelda II: The Adventure of ____
Part of a chain
▲ LINK ▲
92.3%
▲ The ____ Waker ▲
Breeze or gale, e.g.
▲ WIND ▲
92.3%
▲ Ocarina of ____
What a clock measures
▲ TIME ▲
91.1%
One-eyed blinkWINK
88.8%
Sail supportMAST
87.1%
Button that takes you to the previous webpageBACK
85.8%
Dispense waterPOUR
85.3%
DiscoverFIND
84.5%
Green citrus fruitLIME
83.4%
Lickitung's signature moveLICK
80.6%
Clue 4-Letter Word % Correct
DeficiencyLACK
80.5%
Display a noticePOST
80.4%
Expose yourself to pleasant warmthBASK
80.4%
Monetary penaltyFINE
80.2%
SulkPOUT
79.7%
Part of a forkTINE
76.7%
The bark is usually worse than thisBITE
74%
Denotes low fat and carbsLITE
68.7%
Cards worth 1 or 11 in BlackjackACES
67.4%
Little piecesBITS
63%
▲ Oracle of ____
Long periods of time
▲ AGES ▲
61.6%
Divisions of a playACTS
57%
Small islandsAITS
47.2%

Today's Daily Dose

You're not logged in!

Compare scores with friends on all Sporcle quizzes.
OR
Log In

From the Vault

Musicians' Instruments

by cardboard

Apparently no one ever became famous for learning to play the keytar.
Remove Ads.
Support Sporcle.
Get the best of Sporcle when you Go Orange. This ad-free experience offers more features, more stats, and more fun while also helping to support Sporcle. Thank you for becoming a member.

Show Comments

Extras

Top Quizzes Today


Score Distribution

Your Account Isn't Verified!

In order to create a playlist on Sporcle, you need to verify the email address you used during registration. Go to your Sporcle Settings to finish the process.

Report this User

Report this user for behavior that violates our Community Guidelines.

Details: